Famosos nacidos el mismo año (II) - Estadísticas

Estadísticas generales
  • Esta prueba ha sido intentada 95 veces
  • La puntuación promedio es 4 de 7
Estadísticas de respuestas
Hint Respuesta % Correcto
Carlos Cuevas (1995) Ibai Llanos
68%
María Patiño (1971) Pep Guardiola
67%
Santiago Segura (1965) Andreu Buenafuente
60%
Maria José Cantudo (1951) Ana Belén
57%
Pablo Iglesias (1978) Isabel Díaz Ayuso
57%
Pedro Almodóvar (1949) Joaquín Sabina
57%
Saul Craviotto (1985) David Broncano
47%
No se encontraron pruebas coincidentes
Distribución de puntuación
Porcentaje de gente con cada puntuación
Porcentaje por número respondido
Historial de tus puntuaciones
No has intentado esta prueba.